00592 2200169 4500245003900000020002200039250001100061100001200072650002000084005001900104260004100123041001400164084000800178300002300186500020400209336000900413 aThe Rengginang BoyscEleazarhText a978-979-27-1342-8 aCet. 1 aEleazar aNovel Indonesia a20231004131852 aJakartabElex Media Komputindoc2007 aIndonesia a813 a134 hlm. :c20 cm. aaku , ceciuw , dan toras melakukan perjalanan naik mobil pulang -pergi dari jakarta ke bali . Berangkat melintasi pulau jawa dari jalur tengah , dan pulang dari bali ke jakarta melalui jalur pantura. atext